Técnicas avanzadas de buceo deportivo

Сохранить в:
Библиографические подробности
Главный автор: Pazos, Baltasar (autor)
Формат:
Язык:испанский
Опубликовано: Ciudad de México Diana 1985
Предметы:
Метки: Добавить метку
Нет меток, Требуется 1-ая метка записи!

MARC

LEADER 00000nam a2200000 a 4500
001 UCW3811
003 CL-VaPUC
008 890411e19850000MX |||||||||||||||||spa|d
082 0 4 |a 797.23  |b PAZ  |2 21 
100 |a Pazos, Baltasar  |e autor  |9 342848 
245 1 0 |a Técnicas avanzadas de buceo deportivo 
300 |a 216 p 
942 |c BK 
945 |d 19890411 00:00:00 
260 |a Ciudad de México  |b Diana  |c 1985 
650 7 |a DEPORTES MARINOS  |2 CL-VaPUC  |9 308203 
650 7 |a BUCEO  |2 CL-VaPUC  |9 261889 
583 |a last modification  |c 20121220 10:30:41  |k Rodrigo Vera 
999 |c 217698  |d 217696 
952 |0 0  |1 0  |4 0  |6 797_230000000000000_PAZ_1985  |7 0  |8 A  |9 205793  |a BIBEDU  |b BIBEDU  |d 2019-11-15  |i 2737329  |o 797.23 PAZ 1985  |p 2737329  |r 2019-11-15  |w 2019-11-15  |y BK  |k EDU